000 00926nmm a2200289 a 4500
001 ocm0001221733
003 TR-IsHL
005 20201028155243.0
008 110704s2010 tu tur
007 cr cn
020 _a9786054369034
035 _a1221733
_b(N$T)
050 0 4 _aGR290
_b.K34 2010
090 0 4 _aGR290
_b.K34 2010
100 1 _aKafkasyalı, Ali
245 1 0 _aİran Türkleri
_h[electronic resource] /
_cAli Kafkasyalı
260 _aİstanbul :
_bBilgeoğuz Yayınları,
_c2010
300 _a972 p.
650 4 _aTarih
650 4 _aHistory
650 0 _aHalk edebiyatı
_x Tarih ve eleştiri
650 0 _aFolk literature
_x History and criticism
650 0 _aTürk şiiri
_x İran
650 0 _aTurkish poetry
_x Iran
650 7 _aSOCIAL SCIENCE / Folklore & Mythology
_2bisacsh
856 4 0 _uhttp://search.ebscohost.com/login.aspx?direct=true&scope=site&db=e011xww&AN=1221733
999 _c12992
_d12992